Súčasné audítorské postupy vo vyspelých európskych ekonomikách
Základné princípy fungovania profesie audítor. Typy audítorských rizík. Finálna spoľahlivosť auditu. Kriteriálny model IKS (interný kontrolný systém). Overovanie účinnosti IKS. Využitie výsledkov auditu IKS a ich hodnotenie.
Gespeichert in:
| 1. Verfasser: | |
|---|---|
| Format: | Buchkapitel |
| Sprache: | Slowakisch |
| Schlagworte: | |
| Tags: |
Keine Tags, Fügen Sie das erste Tag hinzu!
|
MARC
| LEADER | 00000naa a2200000 4500 | ||
|---|---|---|---|
| 001 | r033632 | ||
| 005 | 20230929092740.5 | ||
| 041 | 0 | |a slo | |
| 044 | |a SK | ||
| 245 | 1 | 0 | |a Súčasné audítorské postupy vo vyspelých európskych ekonomikách |c Július Nagy |
| 520 | |a Základné princípy fungovania profesie audítor. Typy audítorských rizík. Finálna spoľahlivosť auditu. Kriteriálny model IKS (interný kontrolný systém). Overovanie účinnosti IKS. Využitie výsledkov auditu IKS a ich hodnotenie. | ||
| 610 | 2 | 0 | |a audítorstvo |
| 610 | 2 | 0 | |a audit |
| 610 | 2 | 0 | |a kontrola |
| 610 | 2 | 0 | |a komunikácia |
| 610 | 2 | 0 | |a metodika |
| 610 | 2 | 0 | |a audítori |
| 610 | 2 | 0 | |a jednotka účtovná |
| 100 | 1 | |a Nagy, Július | |